In sickness and in health : the mission of voluntary health care institutions /

Bibliographic Details
Other Authors: Seay, J. David, Vladeck, Bruce C.
Format: Book
Language:English
Published: New York : McGraw-Hill Book Co., [1988]
Subjects:

MARC

Tag First Indicator Second Indicator Subfields
LEADER 00000cam a2200000 a 4500
001 in00000028177
005 20151007060017.0
008 880526s1988 nyu b 00000 eng
010 |a  88002790  
020 |a 0070675325 (pbk.) :  |c $32.95 
035 |a (OCoLC)17506318 
035 |9 AAB9870AM 
040 |a DLC  |c DLC  |d TXA  |d UtOrBLW 
043 |a n-us--- 
049 |a TXAM  |c [A11090625] 
050 0 0 |a RA981.A3  |b I5 1988 
082 0 |a 362.1/1  |2 19 
245 0 0 |a In sickness and in health :  |b the mission of voluntary health care institutions /  |c edited by J. David Seay, Bruce C. Vladeck. 
264 1 |a New York :  |b McGraw-Hill Book Co.,  |c [1988] 
264 4 |c ©1988 
300 |a xxi, 232 pages ;  |c 23 cm. 
336 |a text  |b txt  |2 rdacontent 
337 |a unmediated  |b n  |2 rdamedia 
338 |a volume  |b nc  |2 rdacarrier 
500 |a "A United Hospital Fund book." 
504 |a Includes bibliographical references. 
505 0 |a Mission matters / J. David Seay and Bruce C. Vladeck -- Making the case for voluntary health care institutions / Elizabeth Miller Guggenheimer -- The legal identity of the modern hospital / Carl J. Schramm -- Heterogeneity and uniformity / David Rosner -- The virtuous hospital / Daniel Wikler -- Profit and nonprofit organizations in health care / Merwyn R. Greenlick -- Hospital strategy and public policy / James J. McCormack -- What distinguishes the voluntary hospital in an increasingly commercial health care environment? / Stanley B. Jones, Merlin K. Du Val. 
650 0 |a Voluntary hospitals  |z United States. 
700 1 |a Seay, J. David. 
700 1 |a Vladeck, Bruce C. 
999 |a MARS 
999 f f |s cade1113-883a-30c9-9554-ef9b59a9af16  |i 261b6431-6fce-3799-9352-32c423c5725d  |t 0 
952 f f |p ric  |a Texas A&M University  |b Rellis Campus  |c Joint Library Facility  |d Remote Storage  |t 0  |e RA981.A3 I5 1988  |h Library of Congress classification  |i unmediated -- volume  |m A14811090625 
998 f f |a RA981.A3 I5 1988  |t 0  |l Remote Storage